Maff's mission: a purge too far? (Record no. 67343)
[ view plain ]
| 000 -LEADER | |
|---|---|
| fixed length control field | 01200cam a2200217 4500 |
| 001 - CONTROL NUMBER | |
| control field | X113120 |
| 008 - FIXED-LENGTH DATA ELEMENTS--GENERAL INFORMATION | |
| fixed length control field | 000000n2001 000 0 eng u |
| 035 ## - SYSTEM CONTROL NUMBER | |
| System control number | (Sirsi) u113120 |
| 100 ## - MAIN ENTRY--PERSONAL NAME | |
| Personal name | Miers, M. |
| 245 ## - TITLE STATEMENT | |
| Title | Maff's mission: a purge too far? |
| 260 ## - PUBLICATION, DISTRIBUTION, ETC. | |
| Date of publication, distribution, etc. | 2001 |
| 490 ## - SERIES STATEMENT | |
| Series statement | Country Life |
| Volume/sequential designation | 195(22) 31 May 2001, 112-113(2) |
| 520 ## - SUMMARY, ETC. | |
| Summary, etc. | Expresses concern that MAFF's programme of sterilisation of buildings on farms affected by foot and mouth is putting important examples of vernacular architecture at risk. Decontamination techniques recommended in MAFF guidance, including pressure hosing and the burning of timber in poor condition, could leave irreplaceable farm buildings weakened or beyond repair. Questions MAFF's ability to provide a co-ordinated strategy to prevent unnecessary damage, with the fate of many structures dependent on the differing interpretations of the guidelines by field officers. |
| 650 ## - SUBJECT ADDED ENTRY--TOPICAL TERM | |
| Topical term or geographic name entry element | AGRICULTURAL BUILDINGS |
| 650 ## - SUBJECT ADDED ENTRY--TOPICAL TERM | |
| Topical term or geographic name entry element | DECONTAMINATION |
| 650 ## - SUBJECT ADDED ENTRY--TOPICAL TERM | |
| Topical term or geographic name entry element | FARM BUILDINGS |
| 650 ## - SUBJECT ADDED ENTRY--TOPICAL TERM | |
| Topical term or geographic name entry element | FOOT-AND-MOUTH DISEASE |
| 650 ## - SUBJECT ADDED ENTRY--TOPICAL TERM | |
| Topical term or geographic name entry element | VERNACULAR ARCHITECTURE |
| 690 ## - LOCAL SUBJECT ADDED ENTRY--TOPICAL TERM (OCLC, RLIN) | |
| Topical term or geographic name as entry element | BUILT ENVIRONMENT-BUILDING MAINTENANCE AND REFURBISHMENT-BUILDING CONSERVATION |
| 942 ## - ADDED ENTRY ELEMENTS (KOHA) | |
| Suppress in OPAC | 0 |
| Withdrawn status | Lost status | Source of classification or shelving scheme | Damaged status | Not for loan | Home library | Current library | Shelving location | Date acquired | Total Checkouts | Full call number | Barcode | Date last seen | Copy number | Price effective from | Koha item type |
|---|---|---|---|---|---|---|---|---|---|---|---|---|---|---|---|
| Dewey Decimal Classification | London | London | Journal article | 18/06/2001 | X113120 | 113120-1001 | 06/08/2019 | 1 | 06/08/2019 | Journal article |